书目信息 |
| 题名: |
锦鲤画稿
|
|
| 作者: | 林细山 , 林培铭 绘 | |
| 分册: | ||
| 出版信息: | 天津 天津杨柳青画社 2010.09 |
|
| 页数: | 38页 | |
| 开本: | 38cm | |
| 丛书名: | ||
| 单 册: | ||
| 中图分类: | J212.27 | |
| 科图分类: | ||
| 主题词: | 鲤科--li ke--工笔画--草虫画--技法 (美术) | |
| 电子资源: | ||
| ISBN: | 978-7-80738-610-0 | |
| 000 | 01093nam0 2200265 450 | |
| 001 | 012010605474 | |
| 005 | 20101105133200.90 | |
| 010 | @a978-7-80738-610-0@dCNY22.00 | |
| 100 | @a20101105d2010 em y0chiy0120 ea | |
| 101 | 0 | @achi |
| 102 | @aCN@b120000 | |
| 105 | @aac z 000yy | |
| 106 | @ad | |
| 200 | 1 | @a锦鲤画稿@Ajin li hua gao@e工笔画白描教学示范@f林细山, 林培铭绘@Flin xi shan,lin pei ming hui |
| 210 | @a天津@c天津杨柳青画社@d2010.09 | |
| 215 | @a38页@c图, 肖像@d38cm | |
| 330 | @a本书的工笔鲤鱼画作品有深厚的传统功力,同时所选题材也是很受大众喜爱的,作品构图新颖,锦鲤的造型生动而严谨。适合广大初学美术爱好者学习,临摹。它与同类技法书相比较,内容丰富,绘画水平较高,读者较容易学习掌握,是学习中国传统绘画较好的指导性范本,有广泛的读者面。 | |
| 333 | @a广大初学美术爱好者 | |
| 517 | 1 | @a工笔画白描教学示范@Agong bi hua bai miao jiao xue shi fan |
| 606 | 0 | @a鲤科@Ali ke@x工笔画@x草虫画@x技法 (美术) |
| 690 | @aJ212.27@v4 | |
| 701 | 0 | @a林细山@Alin xi shan@4绘 |
| 701 | 0 | @a林培铭@Alin pei ming@4绘 |
| 801 | 0 | @aCN@bQSSK@c20101105 |
| 905 | @b787626-28@dJ212.27@eL526@f3 | |
| 锦鲤画稿:工笔画白描教学示范/林细山, 林培铭绘.-天津:天津杨柳青画社,2010.09 |
| 38页:图, 肖像;38cm |
| 使用对象:广大初学美术爱好者 |
| ISBN 978-7-80738-610-0:CNY22.00 |
| 本书的工笔鲤鱼画作品有深厚的传统功力,同时所选题材也是很受大众喜爱的,作品构图新颖,锦鲤的造型生动而严谨。适合广大初学美术爱好者学习,临摹。它与同类技法书相比较,内容丰富,绘画水平较高,读者较容易学习掌握,是学习中国传统绘画较好的指导性范本,有广泛的读者面。 |
| ● |
| 相关链接 |
|
|
|
正题名:锦鲤画稿
索取号:J212.27/L526
 
预约/预借
| 序号 | 登录号 | 条形码 | 馆藏地/架位号 | 状态 | 备注 |
| 1 | 787626 | 207876262 | 自科二线404/309社科库 69排3列2层/ [索取号:J212.27/L526] | 在馆 | |
| 2 | 787627 | 207876271 | 自科二线404/309社科库 69排3列6层/ [索取号:J212.27/L526] | 在馆 | |
| 3 | 787628 | 207876280 | 自科二线404/309社科库 69排3列2层/ [索取号:J212.27/L526] | 在馆 |